000 01799nam a2200421 i 4500
001 ELB227733
003 FINmELB
005 20250326043238.0
006 m o d |
007 cr cnu||||||||
008 230526s2022 mx o 000 0 spa d
020 _a9786078674640
_q(print)
035 _a(OCoLC)1385418025
040 _aFINmELB
_bspa
_erda
_cFINmELB
050 4 _aQB61
_bG633 2022
080 _a52
082 0 4 _a520
_223
100 1 _aGómez Ruiz, Arturo Ivan,
_eautor.
245 1 0 _aNavegantes infinitos :
_bdel cielo al papel /
_cArturo Ivan Gómez Ruiz, Melina Gómez Bock.
264 1 _aPuebla :
_bFundación Universidad de las Américas ; Editorial Biblioteca Franciscana,
_c2022.
300 _a1 recurso en línea (84 páginas) ;
_cfotografías
336 _atexto
_btxt
_2rdacontent/spa
337 _acomputadora
_bc
_2rdamedia/spa
338 _arecurso en línea
_bcr
_2rdacarrier/spa
588 _aDescripción basada en metadatos suministrados por el editor y otras fuentes.
590 _aRecurso electrónico. Santa Fe, Arg.: elibro, 2023. Disponible vía World Wide Web. El acceso puede estar limitado para las bibliotecas afiliadas a elibro.
600 1 4 _aBiblioteca Franciscana
_xFondo bibliográfico.
600 1 4 _aCompañía de Jesús
_xHistoria
_zMéxico.
650 4 _aAstronomia
_xEstudio y enseñanza
_zMéxico.
655 4 _aLibros electrónicos.
700 1 _aGómez Bock, Melina,
_eautora.
700 1 _aFernández Ramírez, María de Lourdes,
_efotografias.
700 1 _aHernández Sautro, Circe,
_ecolaboradora.
700 1 _aLópez Luna, Israel,
_ecolaborador.
710 1 _aInstituto Nacional de Astrofísica, óptica y Electrónica (INAOE),
_ecolaborador.
797 2 _aelibro, Corp.
856 4 0 _uhttps://elibro.net/ereader/usam/227733
999 _c143185
_d143185